Normal view
MARC view
- SIGNAL PROCESSING-DIGITAL TECHNIQUES SIGNAL PROCESSING-DIGITAAL TECHIQUES-COMPUTER PROGRAMS DIGITAL SIGNAL PROCESSING WITH COMPUTER APPLICATIONS DSP WITH COMPUTER APPLICATIONS
Entry Topical Term
001 - CONTROL NUMBER
- control field: 57883
003 - CONTROL NUMBER IDENTIFIER
- control field: NUST
005 - DATE AND TIME OF LATEST TRANSACTION
- control field: 20210628202019.0
008 - FIXED-LENGTH DATA ELEMENTS
- fixed length control field: 210628|| aca||aabn | a|a d
040 ## - CATALOGING SOURCE
- Original cataloging agency: NUST
- Transcribing agency: NUST
150 ## - HEADING--TOPICAL TERM
- Topical term or geographic name entry element: SIGNAL PROCESSING-DIGITAL TECHNIQUES SIGNAL PROCESSING-DIGITAAL TECHIQUES-COMPUTER PROGRAMS DIGITAL SIGNAL PROCESSING WITH COMPUTER APPLICATIONS DSP WITH COMPUTER APPLICATIONS
670 ## - SOURCE DATA FOUND
- Source citation: Work cat.: (NUST): Lynn, Paul.A Fuerst, Wolfgang 57882, Introductory digital signal processing with computer applications, 2000
